000 00385 a2200133 4500
245 _aA Writer's America
_b : Landscape in Literature
_hprint
020 _a0394571428
250 _a1st American ed.
005 20191021094939.0
260 _anyu
_bA.A. Knopf
_c1988
084 _aPS169.L35 K39 1988
300 _a240 p. : ill.
_b 26 cm.
_c240 p. : ill. ; 26 cm.
500 _aAlfred Kazin.
999 _c11628
_d11628